000 04431cam a22007097i 4500
001 23149423
003 OSt
005 20230921161426.0
006 m o d
007 cr cnu---unuuu
008 211108s2022 enka ob 001 0 eng d
010 _a 2021762568
020 _a9781032425313
020 _z1032015284
020 _z9781032015286
024 7 _a10.4324/9781003229421
_2doi
035 _a(OCoLC)1284289654
037 _a9781003229421
_bTaylor & Francis
040 _aYDX
_beng
_erda
_epn
_cYDX
_dYDX
_dZCU
_dYDX
_dOCLCF
_dTYFRS
_dOCLCO
_dN$T
_dOCLCQ
_dOCLCO
_dMEAUC
_dOCLCQ
_dDLC
042 _alccopycat
043 _aa-ii---
_aa-ir---
050 0 0 _aN7301
072 7 _aHIS
_x017000
_2bisacsh
072 7 _aHIS
_x000000
_2bisacsh
072 7 _aSOC
_x000000
_2bisacsh
072 7 _a1F
_2bicssc
082 0 4 _a709.54
_bKHA/A
245 0 0 _aArt and architectural traditions of India and Iran :
_bcommonality and diversity /
_cedited by Nasir Raza Khan.
264 1 _aAbingdon, Oxon ;
_aNew York, NY :
_bRoutledge,
_c2022.
300 _a228 p
504 _aIncludes bibliographical references and index.
520 _aThis book presents a comprehensive overview of the historical and cultural linkages between India and Iran in terms of art and architectural traditions and their commonality and diversity. It addresses themes such as early connections between Iran, India and Central Asia; study of the Qutb Complex in Delhi; the great immigration of Turks from Asia to Anatolia; the collaboration of Indian and Persian painters; design, ornamentation techniques and regional dynamics; women and public spaces in Shahjahanabad and Isfahan; the noble-architects of emperor Shah Jahan's reign; development of Kashmir's Islamic religious architecture in the medieval period; role of Nur Jahan and her Persian roots in the evolution of the Mughal Garden; synthesis of Indo-Iranian architecture; and confluence of Indo-Persian food culture to showcase the richness of art, architecture, and sociocultural and political exchanges between the two countries. Bringing together a wide array of perspectives, it delves into the roots of connection between India and Iran over centuries to understand its influence and impact on the artistic and cultural genealogy and the shared past of two of the oldest civilizations and regional powers of the world. With its archival sources, this book will be useful to scholars and researchers of medieval history, Indian history, international relations, Central Asian history, Islamic studies, Iranian history, art and architecture, heritage studies, cultural studies, regional studies, and South Asian studies as well as those interested in the study of sociocultural and religious exchanges.
545 0 _aNasir Raza Khan is Associate Professor in the India-Arab Cultural Centre, Jamia Millia Islamia, New Delhi, India. He was formerVisiting Professor (ICCR Chair) at theLebanese American University, Beirut, Lebanon, and Former Director of the L.B. Shastri Centre for Indian Culture, Embassy of India, Tashkent, Uzbekistan.
588 0 _aOnline resource; title from digital title page (viewed on December 29, 2021).
650 0 _aArt, Indic.
650 0 _aArt, Iranian.
650 0 _aArt, Comparative.
650 0 _aArchitecture
_zIndia.
650 0 _aArchitecture
_zIran.
650 0 _aComparative architecture.
650 6 _aArt de l'Inde.
650 6 _aArt iranien.
650 6 _aArt comparé.
650 6 _aArchitecture
_zInde.
650 6 _aArchitecture
_zIran.
650 6 _aArchitecture comparée.
650 7 _aHISTORY
_zAsia
_xIndia & South Asia.
_2bisacsh
650 7 _aHISTORY
_xGeneral.
_2bisacsh
650 7 _aSOCIAL SCIENCE
_xGeneral.
_2bisacsh
650 7 _aArchitecture.
_2fast
_0(OCoLC)fst00813346
650 7 _aArt, Comparative.
_2fast
_0(OCoLC)fst00816147
650 7 _aArt, Indic.
_2fast
_0(OCoLC)fst00816391
650 7 _aArt, Iranian.
_2fast
_0(OCoLC)fst00816406
650 7 _aComparative architecture.
_2fast
_0(OCoLC)fst00871319
651 7 _aIndia.
_2fast
_0(OCoLC)fst01210276
651 7 _aIran.
_2fast
_0(OCoLC)fst01204889
700 1 _aKhan, Nasir Raza
_eeditor.
_99564
776 0 8 _iPrint version:
_z1032015284
_z9781032015286
_w(OCoLC)1257480081
906 _a7
_bcbc
_ccopycat
_d1
_eecip
_f20
_gy-gencatlg
942 _2ddc
_cBK
_h709.54
_iKHA/A
_k709.54
_mKHA/A
999 _c42215
_d42215